| 000 | 00443nam a2200181Ia 4500 | ||
|---|---|---|---|
| 008 | 210707s1972 xx 000 0 und d | ||
| 041 | _aeng | ||
| 082 | _a954 SINI | ||
| 100 | _aSINGHAL (D P) | ||
| 245 | _aIndia and world civilization Vol.1 | ||
| 260 |
_aCalcutta _bRupa & Co., _c1972 |
||
| 300 | _a435 p | ||
| 365 |
_b150 _cINR |
||
| 440 | _v1 | ||
| 563 | _aHB | ||
| 650 | _aIndian History | ||
| 906 | _aHarappa naturalism myths fables | ||
| 999 |
_c180426 _d180426 |
||